000
00245nam a2200109Ia 4500
999
_c
8044
_d
8044
020
_a
9780929306377
100
_a
Horowitz
245
0
_a
Fundamentals Of Data Structures In C++
260
_a
USA
_b
Microsoft Press
_c
2000
300
_a
441
942
_c
BK